000 00673nam a22002297a 4500
999 _c17921
_d17921
003 AR-CdUCM
008 190510b ||||| |||| 00| 0 spa d
040 _aMUNICIPALIDAD PROVINCIAL DEL CUSCO
_cBIBLIOTECA MUNICIPAL DEL CUSCO
041 _hfre
082 _a848.9 /
_bV52
100 _aVerne, Julio
_910153
245 _aEl archipiélago de fuego /
260 _aBarcelona :
_bMolino,
_c1961.
300 _a158 páginas ;
_c19.5 cm.
505 _aContenido: Novela.
650 _aLiteratura Francesa
_9614
650 _aNovela Francesa
_910657
650 _aSiglo XX
_98
700 _aM. E. (traducción)
_938172
942 _2ddc
_cLIBROS
945 _aachl
_d2019-05-10